[Event "Friendship Match AZE-TUR Day 2"]
[Site "Mustafa Kemal Atatürk"]
[Date "2020.08.09"]
[Round "2"]
[White "NormLife"]
[Black "SuleymanliAydin1"]
[Result "1/2-1/2"]
[WhiteElo "1806"]
[BlackElo "1620"]
[Annotator "NA"]
[PlyCount "135"]
[EventDate "2020.08.09"]
[EventType "team-tourn (rapid)"]

1. d4 {[%emt 0:00:02]} Nf6 {[%emt 0:00:10]} 2. Bf4 {[%emt 0:00:03]} e6 {[%emt 0:00:06]} 3. Nf3 {[%emt 0:00:03]} b6 {[%emt 0:00:08]} 4. Nbd2 {[%emt 0:00:03]} Bb7 {[%emt 0:00:03]} 5. e3 {[%emt 0:00:01]} g6 {[%emt 0:00:02]} 6. Bd3 {[%emt 0:00:25]} Bg7 {[%emt 0:00:08]} 7. c3 {[%emt 0:00:17]} O-O {[%emt 0:00:06]} 8. e4 {[%emt 0:00:38]} d6 {[%emt 0:00:06]} 9. O-O {[%emt 0:00:37]} Nbd7 {[%emt 0:00:05]} 10. Qe2 {[%emt 0:00:30]} a6 {[%emt 0:00:36]} 11. Rad1 {[%emt 0:00:08]} Nh5 {[%emt 0:00:12]} 12. Be3 {[%emt 0:00:26]} f5 {[%emt 0:01:25]} 13. exf5 {[%emt 0:01:30]} exf5 {[%emt 0:00:05]} 14. Bg5 {[%emt 0:02:16]} Ndf6 {[%emt 0:02:24]} 15. Rfe1 {[%emt 0:02:22]} h6 {[%emt 0:00:22]} 16. Bxf6 {[%emt 0:01:48]} Bxf6 {[%emt 0:00:07]} 17. Bc4+ {[%emt 0:00:04]} Kg7 {[%emt 0:00:33]} 18. g3 {[%emt 0:00:19]} b5 {[%emt 0:00:44]} 19. Bb3 {[%emt 0:00:05]} Qd7 {[%emt 0:00:31]} 20. Qe6 {[%emt 0:00:45]} Qc6 {[%emt 0:00:41]} 21. d5 {[%emt 0:00:11]} Qe8 {[%emt 0:00:03]} 22. Nd4 {[%emt 0:00:21]} Bxd4 {[%emt 0:00:11]} 23. cxd4 {[%emt 0:00:04]} Nf6 {[%emt 0:00:25]} 24. Rc1 {[%emt 0:00:23]} Qd8 {[%emt 0:00:38]} 25. Qe7+ {[%emt 0:00:18]} Rf7 {[%emt 0:00:03]} 26. Qe6 {[%emt 0:00:01]} Qf8 {[%emt 0:00:01]} 27. Qe2 {[%emt 0:00:29]} Bxd5 {[%emt 0:00:06]} 28. Bxd5 {[%emt 0:00:03]} Nxd5 {[%emt 0:00:00]} 29. Qf3 {[%emt 0:00:13]} Nf6 {[%emt 0:00:06]} 30. d5 {[%emt 0:00:08]} Re8 {[%emt 0:00:14]} 31. Nb3 {[%emt 0:00:12]} Rxe1+ {[%emt 0:01:18]} 32. Rxe1 {[%emt 0:00:00]} Re7 {[%emt 0:00:03]} 33. Rxe7+ {[%emt 0:00:32]} Qxe7 {[%emt 0:00:00]} 34. Nd4 {[%emt 0:00:00]} Qe5 {[%emt 0:00:40]} 35. Ne6+ {[%emt 0:00:13]} Kf7 {[%emt 0:00:13]} 36. Nxc7 {[%emt 0:00:06]} Qxb2 {[%emt 0:00:06]} 37. Qe3 {[%emt 0:00:49]} Qb1+ {[%emt 0:00:36]} 38. Kg2 {[%emt 0:00:02]} Qe4+ {[%emt 0:00:02]} 39. Qxe4 {[%emt 0:00:06]} fxe4 {[%emt 0:00:01]} 40. f3 {[%emt 0:00:10]} e3 {[%emt 0:00:45]} 41. Kf1 {[%emt 0:00:17]} Ke7 {[%emt 0:00:04]} 42. Ke2 {[%emt 0:00:03]} Kd7 {[%emt 0:00:04]} 43. Nxa6 {[%emt 0:00:02]} Nxd5 {[%emt 0:00:01]} 44. a3 {[%emt 0:00:11]} Nb6 {[%emt 0:00:58]} 45. Kxe3 {[%emt 0:00:16]} Nc4+ {[%emt 0:00:02]} 46. Kd4 {[%emt 0:00:01]} Nxa3 {[%emt 0:00:01]} 47. f4 {[%emt 0:00:07]} Nc4 {[%emt 0:00:46]} 48. g4 {[%emt 0:00:06]} Nd2 {[%emt 0:00:40]} 49. h3 {[%emt 0:00:04]} Nc4 {[%emt 0:01:58]} 50. Kd5 {[%emt 0:00:17]} Nb6+ {[%emt 0:00:11]} 51. Kd4 {[%emt 0:00:07]} Na8 {[%emt 0:00:22]} 52. f5 {[%emt 0:00:55]} gxf5 {[%emt 0:00:03]} 53. gxf5 {[%emt 0:00:00]} Nc7 {[%emt 0:00:04]} 54. Nb4 {[%emt 0:00:14]} Ke7 {[%emt 0:00:01]} 55. Ke4 {[%emt 0:00:07]} Kf6 {[%emt 0:00:04]} 56. h4 {[%emt 0:00:01]} d5+ {[%emt 0:00:12]} 57. Kf4 {[%emt 0:00:01]} d4 {[%emt 0:00:06]} 58. Ke4 {[%emt 0:00:02]} h5 {[%emt 0:00:03]} 59. Nd3 {[%emt 0:00:11]} Ne8 {[%emt 0:00:09]} 60. Nf4 {[%emt 0:00:04]} Nd6+ {[%emt 0:00:03]} 61. Kxd4 {[%emt 0:00:03]} b4 {[%emt 0:00:05]} 62. Nxh5+ {[%emt 0:00:04]} Kxf5 {[%emt 0:00:01]} 63. Ng3+ {[%emt 0:00:01]} Kg4 {[%emt 0:00:02]} 64. Ne2 {[%emt 0:00:01]} Kxh4 {[%emt 0:00:05]} 65. Kc5 {[%emt 0:00:07]} b3 {[%emt 0:00:03]} 66. Kxd6 {[%emt 0:00:01]} b2 {[%emt 0:00:01]} 67. Nc3 {[%emt 0:00:01]} b1=Q {[%emt 0:00:00]} 68. Nxb1 {[%emt 0:00:00] (Lag: Av=0.77s, max=1.1s)} 1/2-1/2

[Event "Friendship Match AZE-TUR Day 2"]
[Site "Mustafa Kemal Atatürk"]
[Date "2020.08.09"]
[Round "2"]
[White "Gul91"]
[Black "silacglr04"]
[Result "1/2-1/2"]
[WhiteElo "1743"]
[BlackElo "1485"]
[Annotator "NA"]
[PlyCount "47"]
[EventDate "2020.08.09"]
[EventType "team-tourn (rapid)"]

1. e4 {[%emt 0:00:02]} c5 {[%emt 0:00:04]} 2. b3 {[%emt 0:00:02]} b6 {[%emt 0:00:05]} 3. c4 {[%emt 0:00:22]} Bb7 {[%emt 0:00:03]} 4. Nc3 {[%emt 0:00:01]} d6 {[%emt 0:00:38]} 5. d4 {[%emt 0:00:58]} cxd4 {[%emt 0:00:06]} 6. Qxd4 {[%emt 0:00:01]} Nc6 {[%emt 0:00:02]} 7. Qd2 {[%emt 0:00:15]} Nf6 {[%emt 0:00:08]} 8. Nf3 {[%emt 0:00:05]} e6 {[%emt 0:01:37]} 9. Be2 {[%emt 0:01:47]} Be7 {[%emt 0:00:03]} 10. O-O {[%emt 0:00:02]} O-O {[%emt 0:00:05]} 11. Ba3 {[%emt 0:00:02]} d5 {[%emt 0:00:51]} 12. Bxe7 {[%emt 0:00:16]} Nxe7 {[%emt 0:00:00]} 13. cxd5 {[%emt 0:00:42]} exd5 {[%emt 0:00:03]} 14. e5 {[%emt 0:00:34]} Ne4 {[%emt 0:00:05]} 15. Qb2 {[%emt 0:00:10]} Rc8 {[%emt 0:01:08]} 16. Rac1 {[%emt 0:00:13]} Ng6 {[%emt 0:01:15]} 17. Rfd1 {[%emt 0:00:45]} Nxc3 {[%emt 0:01:41]} 18. Rxc3 {[%emt 0:00:05]} Qe7 {[%emt 0:00:19]} 19. Rxc8 {[%emt 0:00:39]} Rxc8 {[%emt 0:00:03]} 20. Bd3 {[%emt 0:00:18]} Nh4 {[%emt 0:03:28]} 21. Nxh4 {[%emt 0:01:43]} Qxh4 {[%emt 0:00:00]} 22. Bf5 {[%emt 0:00:10]} Re8 {[%emt 0:00:17]} 23. Re1 {[%emt 0:01:32]} Qf4 {[%emt 0:00:50]} 24. Bd3 {[%emt 0:01:30] Gul91 offers a draw (Lag: Av=0.40s, max=0.5s)} 1/2-1/2

[Event "Friendship Match AZE-TUR Day 2"]
[Site "Mustafa Kemal Atatürk"]
[Date "2020.08.09"]
[Round "2"]
[White "GGuseinov"]
[Black "RuznaMamuna"]
[Result "0-1"]
[WhiteElo "1620"]
[BlackElo "1616"]
[Annotator "NA"]
[PlyCount "104"]
[EventDate "2020.08.09"]
[EventType "team-tourn (rapid)"]

1. e4 {[%emt 0:00:01]} e6 {[%emt 0:00:01]} 2. d4 {[%emt 0:00:02]} d5 {[%emt 0:00:01]} 3. Nd2 {[%emt 0:00:01]} dxe4 {[%emt 0:00:01]} 4. Nxe4 {[%emt 0:00:02]} Bd7 {[%emt 0:00:01]} 5. Nf3 {[%emt 0:00:12]} Bc6 {[%emt 0:00:01]} 6. Bd3 {[%emt 0:00:01]} Nd7 {[%emt 0:00:16]} 7. Qe2 {[%emt 0:00:01]} Ngf6 {[%emt 0:00:15]} 8. Neg5 {[%emt 0:00:01]} Qe7 {[%emt 0:00:10]} 9. Ne5 {[%emt 0:00:17]} Nxe5 {[%emt 0:00:22]} 10. dxe5 {[%emt 0:00:00]} Nd7 {[%emt 0:00:25]} 11. f4 {[%emt 0:01:27]} h6 {[%emt 0:02:59]} 12. Nf3 {[%emt 0:00:15]} Bxf3 {[%emt 0:03:42]} 13. Qxf3 {[%emt 0:00:09]} c6 {[%emt 0:00:03]} 14. O-O {[%emt 0:00:06]} g6 {[%emt 0:00:05]} 15. c3 {[%emt 0:00:28]} Qd8 {[%emt 0:00:53]} 16. Kh1 {[%emt 0:00:16]} h5 {[%emt 0:00:09]} 17. b4 {[%emt 0:00:20]} Be7 {[%emt 0:00:21]} 18. Be3 {[%emt 0:00:06]} Qc7 {[%emt 0:00:10]} 19. a4 {[%emt 0:00:03]} Nb6 {[%emt 0:01:05]} 20. Be4 {[%emt 0:00:37]} Nd5 {[%emt 0:00:12]} 21. Bg1 {[%emt 0:00:04]} a6 {[%emt 0:00:45]} 22. b5 {[%emt 0:00:30]} axb5 {[%emt 0:00:03]} 23. axb5 {[%emt 0:00:01]} Rxa1 {[%emt 0:01:04]} 24. Rxa1 {[%emt 0:00:00]} O-O {[%emt 0:00:05]} 25. c4 {[%emt 0:00:07]} Nb4 {[%emt 0:00:09]} 26. Ra7 {[%emt 0:01:25]} Rc8 {[%emt 0:00:50]} 27. Qb3 {[%emt 0:02:06]} cxb5 {[%emt 0:01:36]} 28. Qg3 {[%emt 0:04:23]} Nc6 {[%emt 0:00:34]} 29. Ra1 {[%emt 0:00:41]} h4 {[%emt 0:00:17]} 30. Qg4 {[%emt 0:00:06]} bxc4 {[%emt 0:00:20]} 31. Bxg6 {[%emt 0:00:01]} fxg6 {[%emt 0:00:01]} 32. Qxg6+ {[%emt 0:00:02]} Kh8 {[%emt 0:00:38]} 33. Qh6+ {[%emt 0:00:13]} Kg8 {[%emt 0:00:01]} 34. Qxe6+ {[%emt 0:00:22]} Kg7 {[%emt 0:00:01]} 35. f5 {[%emt 0:00:48]} Nxe5 {[%emt 0:00:08]} 36. Bb6 {[%emt 0:00:36]} Qd7 {[%emt 0:00:08]} 37. Qxe5+ {[%emt 0:00:07]} Bf6 {[%emt 0:00:01]} 38. Qe1 {[%emt 0:00:43]} Bxa1 {[%emt 0:00:01]} 39. Qxa1+ {[%emt 0:00:00]} c3 {[%emt 0:00:00]} 40. Bg1 {[%emt 0:00:43]} Qxf5 {[%emt 0:00:04]} 41. Qe1 {[%emt 0:00:14]} h3 {[%emt 0:00:07]} 42. Qe7+ {[%emt 0:00:08]} Kg8 {[%emt 0:00:03]} 43. Qxb7 {[%emt 0:00:08]} hxg2+ {[%emt 0:00:16]} 44. Qxg2+ {[%emt 0:00:00]} Kf8 {[%emt 0:00:05]} 45. Bd4 {[%emt 0:00:39]} Qb1+ {[%emt 0:00:02]} 46. Bg1 {[%emt 0:00:01]} Qf5 {[%emt 0:00:06]} 47. Bd4 {[%emt 0:00:01]} Ke8 {[%emt 0:00:11]} 48. Qg8+ {[%emt 0:00:06]} Kd7 {[%emt 0:00:02]} 49. Qg7+ {[%emt 0:00:03]} Ke6 {[%emt 0:00:03]} 50. Kg1 {[%emt 0:00:20]} c2 {[%emt 0:00:04]} 51. Qh6+ {[%emt 0:00:05]} Kd5 {[%emt 0:00:02]} 52. Be3 {[%emt 0:00:05]} Rg8+ {[%emt 0:00:02] GGuseinov resigns (Lag: Av=0.97s, max=1.5s)} 0-1

[Event "Friendship Match AZE-TUR Day 2"]
[Site "Mustafa Kemal Atatürk"]
[Date "2020.08.09"]
[Round "2"]
[White "Gb_23"]
[Black "eceozbaay"]
[Result "1/2-1/2"]
[WhiteElo "1620"]
[BlackElo "1407"]
[Annotator "NA"]
[PlyCount "54"]
[EventDate "2020.08.09"]
[EventType "team-tourn (rapid)"]

1. Nf3 {[%emt 0:00:03]} d5 {[%emt 0:00:03]} 2. g3 {[%emt 0:00:09]} Nf6 {[%emt 0:00:01]} 3. Bg2 {[%emt 0:00:02]} Bf5 {[%emt 0:00:15]} 4. O-O {[%emt 0:00:09]} e6 {[%emt 0:00:02]} 5. c4 {[%emt 0:00:02]} c6 {[%emt 0:00:06]} 6. cxd5 {[%emt 0:00:02]} cxd5 {[%emt 0:00:20]} 7. Qb3 {[%emt 0:00:04]} Qb6 {[%emt 0:00:19]} 8. Qxb6 {[%emt 0:00:02]} axb6 {[%emt 0:00:00]} 9. Nc3 {[%emt 0:00:02]} Nc6 {[%emt 0:00:12]} 10. d3 {[%emt 0:00:02]} Bc5 {[%emt 0:00:10]} 11. Nh4 {[%emt 0:00:03]} Bg6 {[%emt 0:00:05]} 12. h3 {[%emt 0:00:01]} O-O {[%emt 0:00:50]} 13. a3 {[%emt 0:00:07]} Nd4 {[%emt 0:00:49]} 14. Nxg6 {[%emt 0:01:01]} hxg6 {[%emt 0:00:02]} 15. Rb1 {[%emt 0:00:10]} Nb3 {[%emt 0:00:51]} 16. e4 {[%emt 0:01:01]} dxe4 {[%emt 0:02:02]} 17. dxe4 {[%emt 0:00:17]} Nxc1 {[%emt 0:00:13]} 18. Rbxc1 {[%emt 0:00:12]} e5 {[%emt 0:00:20]} 19. Kh2 {[%emt 0:01:10]} Rfd8 {[%emt 0:00:15]} 20. b4 {[%emt 0:01:08]} Bd4 {[%emt 0:00:43]} 21. Nb5 {[%emt 0:00:53]} Ne8 {[%emt 0:00:44]} 22. Rcd1 {[%emt 0:01:51]} Bb2 {[%emt 0:01:00]} 23. f4 {[%emt 0:00:35]} f6 {[%emt 0:00:52]} 24. Bf3 {[%emt 0:00:24]} Rac8 {[%emt 0:01:09]} 25. Rxd8 {[%emt 0:01:36]} Rxd8 {[%emt 0:00:02]} 26. Rd1 {[%emt 0:00:01]} Rxd1 {[%emt 0:00:11]} 27. Bxd1 {[%emt 0:00:00]} Kf8 {[%emt 0:00:12] eceozbaay Beraberlik öneriyor (Lag: Av=0.59s, max=2.8s)} 1/2-1/2

[Event "Friendship Match AZE-TUR Day 2"]
[Site "Mustafa Kemal Atatürk"]
[Date "2020.08.09"]
[Round "2"]
[White "EkaterinaAtalik"]
[Black "Mammadzada"]
[Result "1/2-1/2"]
[WhiteElo "1512"]
[BlackElo "1711"]
[Annotator "NA"]
[PlyCount "91"]
[EventDate "2020.08.09"]
[EventType "team-tourn (rapid)"]

1. d4 {[%emt 0:00:04]} d5 {[%emt 0:00:03]} 2. c4 {[%emt 0:00:02]} c6 {[%emt 0:00:06]} 3. Nf3 {[%emt 0:00:05]} Nf6 {[%emt 0:00:02]} 4. Nc3 {[%emt 0:00:09]} a6 {[%emt 0:00:03]} 5. Qb3 {[%emt 0:00:27]} e6 {[%emt 0:00:40]} 6. Bg5 {[%emt 0:00:29]} Be7 {[%emt 0:00:04]} 7. e3 {[%emt 0:00:04]} Nbd7 {[%emt 0:01:03]} 8. Be2 {[%emt 0:00:34]} Ne4 {[%emt 0:01:34]} 9. Bxe7 {[%emt 0:00:17]} Qxe7 {[%emt 0:00:00]} 10. Nxe4 {[%emt 0:00:02]} dxe4 {[%emt 0:00:03]} 11. Nd2 {[%emt 0:00:01]} e5 {[%emt 0:00:02]} 12. O-O {[%emt 0:00:57]} O-O {[%emt 0:01:43]} 13. Qc3 {[%emt 0:00:36]} exd4 {[%emt 0:00:35]} 14. exd4 {[%emt 0:00:09]} Nf6 {[%emt 0:00:03]} 15. Rfe1 {[%emt 0:00:09]} Qc7 {[%emt 0:00:06]} 16. Nf1 {[%emt 0:00:28]} Bf5 {[%emt 0:00:40]} 17. Ne3 {[%emt 0:00:36]} Bg6 {[%emt 0:00:02]} 18. Rad1 {[%emt 0:00:09]} Rad8 {[%emt 0:00:08]} 19. Rd2 {[%emt 0:00:14]} Ne8 {[%emt 0:01:45]} 20. c5 {[%emt 0:00:26]} Nf6 {[%emt 0:00:11]} 21. Bc4 {[%emt 0:00:10]} Nd5 {[%emt 0:00:22]} 22. Nxd5 {[%emt 0:00:43]} cxd5 {[%emt 0:00:00]} 23. Bb3 {[%emt 0:00:06]} f5 {[%emt 0:00:18]} 24. f3 {[%emt 0:01:53]} Kh8 {[%emt 0:00:22]} 25. fxe4 {[%emt 0:00:22]} dxe4 {[%emt 0:00:14]} 26. d5 {[%emt 0:00:06]} f4 {[%emt 0:00:12]} 27. d6 {[%emt 0:00:04]} Qd7 {[%emt 0:00:09]} 28. Rf2 {[%emt 0:01:28]} e3 {[%emt 0:00:42]} 29. Rff1 {[%emt 0:00:16]} Be4 {[%emt 0:01:41]} 30. Qd4 {[%emt 0:00:23]} Rde8 {[%emt 0:03:21]} 31. Bd1 {[%emt 0:00:04]} Qf5 {[%emt 0:00:48]} 32. Rxe3 {[%emt 0:02:29] .} fxe3 {[%emt 0:00:10]} 33. Rxf5 {[%emt 0:00:03]} Bxf5 {[%emt 0:00:01]} 34. d7 {[%emt 0:00:55]} Bxd7 {[%emt 0:00:15]} 35. Qxd7 {[%emt 0:00:16]} e2 {[%emt 0:00:01]} 36. Bxe2 {[%emt 0:00:04]} Rxe2 {[%emt 0:00:00]} 37. h3 {[%emt 0:00:41]} Rxb2 {[%emt 0:00:06]} 38. a4 {[%emt 0:00:08]} h6 {[%emt 0:00:12]} 39. c6 {[%emt 0:00:43]} bxc6 {[%emt 0:00:04]} 40. Qxc6 {[%emt 0:00:02]} Rff2 {[%emt 0:00:27]} 41. Qa8+ {[%emt 0:00:14]} Kh7 {[%emt 0:00:01]} 42. Qe4+ {[%emt 0:00:02]} Kg8 {[%emt 0:00:02]} 43. Qe8+ {[%emt 0:00:21]} Kh7 {[%emt 0:00:03]} 44. Qe4+ {[%emt 0:00:01] EkaterinaAtalik offers a draw} Kg8 {[%emt 0:00:04] Mammadzada offers a draw} 45. Qe8+ {[%emt 0:00:03]} Kh7 {[%emt 0:00:02]} 46. Qe4+ {[%emt 0:00:08] Threefold Rep} 1/2-1/2